000
00289nam a22001217a 4500
999
_c
159637
_d
159637
082
_a
_b
100
_a
Chaturvedi Badrinath
245
_a
The women of the mahabhatata/
_c
by Chaturvedi Badrinath.
260
_a
New Delhi:
_b
Orient,
_c
2008.
300
_a
276p.
650
_a
942
_c
BK